Pripojenie mikropočítača na Ethernet
Guardado en:
| Autor principal: | |
|---|---|
| Otros Autores: | |
| Formato: | Manuscrito Libro |
| Lenguaje: | eslovaco |
| Publicado: |
2015
|
| Materias: | |
| Acceso en línea: | http://is.stuba.sk/zp/portal_zp.pl?podrobnosti=112431 |
| Etiquetas: |
Sin Etiquetas, Sea el primero en etiquetar este registro!
|
MARC
| LEADER | 00000ntm a22000003a 4500 | ||
|---|---|---|---|
| 001 | stuzp53091 | ||
| 003 | SK-STU | ||
| 005 | 20160719154358.1 | ||
| 007 | ta | ||
| 008 | 150427s2015----xo-----f-mn---000-0-slo-d | ||
| 040 | |a STU |b slo | ||
| 041 | 0 | |a slo | |
| 100 | 1 | |a Petráš, Matej |u 020020 |4 aut |U SjF Strojnícka fakulta |T SjF Ústav automatizácie, merania a aplikovanej informatiky |X 69709 |U J0020 |Y 802 |7 A000069709 | |
| 242 | 0 | 1 | |a 8-bit microcontroller on Ethernet |y eng |
| 245 | 1 | 0 | |a Pripojenie mikropočítača na Ethernet |
| 260 | |c 2015 | ||
| 650 | 4 | |a mikropočítač |2 slo | |
| 650 | 4 | |a ENC28J60 |2 slo | |
| 650 | 4 | |a TCP/IP |2 slo | |
| 650 | 4 | |a OSI model |2 slo | |
| 650 | 4 | |a Ethernet |2 slo | |
| 650 | 4 | |a Ethernet |2 eng | |
| 650 | 4 | |a microcontroller |2 eng | |
| 650 | 4 | |a ENC28J60 |2 eng | |
| 650 | 4 | |a TCP/IP stack |2 eng | |
| 650 | 4 | |a OSI model |2 eng | |
| 700 | 1 | |a Honek, Marek |4 ths |X 28245 |7 A000028245 | |
| 856 | 4 | |u http://is.stuba.sk/zp/portal_zp.pl?podrobnosti=112431 | |
| SQL | |a stuzp53091 |b DDP |c SLO |d Pripojenie mikropočítača na Ethernet |e 69709 |f Petráš, Matej |g 020020 |h 28245 |i Honek, Marek |j 20150618 |k 51 |l 02 |m http://is.stuba.sk/zp/portal_zp.pl?podrobnosti=112431 |n I-AISP |o 5.2.14. automatizácia | ||